Eintracht Frankfurt: Alle Torschützen der 2010er - Statistiken

Allgemein
  • Dieses Quiz wurde 396 mal gespielt
  • Das Durchschnittsergebnis liegt bei 33 aus 68
Antwortstatistiken
Pos. Nat. Spieler % Korrekt
ST SRB Luka Jovic
92%
ST GEr Alexander Meier
87%
ST CRO Ante Rebic
87%
MIT JAP Makoto Hasebe
87%
ST CIV Sebastien Haller
87%
MIT GER Sebastian Rode
86%
MIT SRB Filip Kostic
82%
MIT JAP Daichi Kamada
81%
ST POR Andre Silva
80%
VER AUT Martin Hinteregger
79%
VER ARG David Abraham
75%
ST GRE Theofanis Gekas
75%
ST NED Bas Dost
74%
VER USA Timothy Chandler
74%
ST POR Goncalo Paciencia
69%
MIT SRB Mijat Gacinovic
68%
VER FRA Evan N'Dicka
66%
ST MEX Marco Fabian
66%
MIT SUI Djibril Sow
65%
ST SUI Haris Seferovic
65%
VER GER Marco Russ
61%
MIT GHA Kevin-Prince Boateng
59%
VER GER Danny da Costa
55%
MIT JAP Takashi Inui
54%
MIT BRA Caio
52%
ST CZE Martin Fenin
52%
MIT MAR Aymane Barkok
51%
MIT SUI Pirmin Schwegler
50%
VER ESP Jesus Vallejo
49%
VER MLI Almamy Toure
48%
VER GER Sebastian Jung
47%
ST PAR Nelson Valdez
46%
VER JAM Michael Hector
45%
MIT NED Jonathan de Guzman
44%
ST ESP Joselu
42%
ST CAN Olivier Occean
42%
MIT ESP Omar Mascarell
42%
VER GRE Giorgios Tzavellas
41%
ST HUN Szabolcs Huszti
41%
ST CZE Vaclav Kadlec
41%
ST GER Stefan Aigner
39%
VER BRA Anderson
38%
ST SWE Branimir Hrgota
38%
MIT SUI Gelson Fernandes
36%
VER GER Bastian Oczipka
34%
MIT GER Patrick Ochs
33%
MIT GER Marius Wolf
32%
MIT BRA Chris
31%
MIT GER Marc Stendera
31%
ST ALG Karim Matmour
30%
MIT TUN Änis Ben-Hatira
29%
MIT AUT Stefan Ilsanker
29%
ST NED Luc Castaignos
28%
ST CRO Srdjan Lakic
28%
ST BRA Lucas Piazon
27%
MIT GER Benjamin Köhler
26%
ST AUT Erwin Hoffer
26%
VER GER Alexander Madlung
25%
VER GUI Simon Falette
25%
MIT SUI Tranquillo Barnetta
25%
MIT GER Johannes Flum
21%
MIT GER Nicolai Müller
21%
MIT GER Martin Lanig
20%
MIT SRB Slobodan Medojevic
20%
ST GER Danny Blum
16%
MIT GER Jan Rosenthal
13%
MIT GER Stefan Reinartz
13%
ST SUI Shani Tarashaj
12%
Keine übereinstimmenden Quizze gefunden
Verteilung der Resultate
Anzahl Personen mit jedem Resultat
Perzentil nach korrekt beantworteten Fragen
Ihre Resultats-Entwicklung
Sie haben dieses Quiz noch nicht gespielt